The effective of the controling method for weed on the output of ir66 in royal university of agriculture,(ប្រសិទ្ធភាពនៃវិធីសាស្រ្តគ្រប់គ្រងស្នៅចង្រៃលើទិន្នផលស្រូវអ៊ីអ៊ែរ ៦៦ នៅសាកលវិទ្យាល័យភូមិន្ទកសិកម្ម) (Record no. 1205)
[ view plain ]
| 000 -LEADER | |
|---|---|
| fixed length control field | 00754nam a22001577a 4500 |
| 003 - CONTROL NUMBER IDENTIFIER | |
| control field | OSt |
| 005 - DATE AND TIME OF LATEST TRANSACTION | |
| control field | 20150924155121.0 |
| 008 - FIXED-LENGTH DATA ELEMENTS--GENERAL INFORMATION | |
| fixed length control field | 150924b xxu||||| |||| 00| 0 eng d |
| 040 ## - CATALOGING SOURCE | |
| Transcribing agency | RUA |
| 082 ## - DEWEY DECIMAL CLASSIFICATION NUMBER | |
| Classification number | AGR CHH 2012 B052 Or.1 |
| 100 ## - MAIN ENTRY--PERSONAL NAME | |
| 9 (RLIN) | 1273 |
| Personal name | CHHOM SAN |
| 245 ## - TITLE STATEMENT | |
| Title | The effective of the controling method for weed on the output of ir66 in royal university of agriculture,(ប្រសិទ្ធភាពនៃវិធីសាស្រ្តគ្រប់គ្រងស្នៅចង្រៃលើទិន្នផលស្រូវអ៊ីអ៊ែរ ៦៦ នៅសាកលវិទ្យាល័យភូមិន្ទកសិកម្ម) |
| 260 ## - PUBLICATION, DISTRIBUTION, ETC. (IMPRINT) | |
| Place of publication, distribution, etc. | phnom penh |
| Name of publisher, distributor, etc. | RUA |
| Date of publication, distribution, etc. | 2012 |
| 300 ## - PHYSICAL DESCRIPTION | |
| Extent | xi, 52p. |
| Dimensions | ill. |
| Size of unit | 29cm. |
| 942 ## - ADDED ENTRY ELEMENTS (KOHA) | |
| Source of classification or shelving scheme | |
| Koha item type | AGR |
No items available.